=LDR 00000nam 2200000 4500 =001 INLIS000000000010866 =005 20130612102457 =008 ***********************************Ind** =035 ##$$0010-061300000010866 =041 ##$$a Ind =082 ##$$a 665.776 =090 ##$$a 665.776, Pai-a =100 ##$$a PAIMIN,Farry B =245 ##$$a Alat pembuat Biogas Dari Drum, FARRY B.PAIMIN =260 ##$$a 1995 $b Jakarta =300 ##$$a VIII, 52 halaman, ilus, 21 cm =650 ##$$a Biogas-Alat dan Peralatan =850 ##$$a NBPNMAT